[Event "DRAGOMANOV FIT 2025-MASTERS Blitz"]
[Site "Kyiv"]
[Date "2025.10.05"]
[Round "1.1"]
[White "Maly, Alexey"]
[Black "Rudchenko, Oleksandr"]
[Result "1-0"]
[WhiteElo "2297"]
[BlackElo "2123"]
[PlyCount "97"]
[EventDate "2025.12.05"]
[EventType "swiss (blitz)"]
[EventRounds "9"]
[EventCountry "UKR"]

1. d4 Nf6 2. c4 e6 3. Nf3 c5 4. dxc5 Na6 5. e3 Nxc5 6. Be2 Be7 7. O-O O-O 8. b3
d5 9. Nbd2 b6 10. Bb2 Bb7 11. Rc1 Rc8 12. Rc2 Nfe4 13. Qa1 Bf6 14. Rfc1 Bxb2
15. Qxb2 Qe7 16. h3 Rfd8 17. cxd5 Bxd5 18. b4 Na4 19. Qa3 Rxc2 20. Rxc2 Qe8 21.
Nxe4 Bxe4 22. Rc7 a5 23. bxa5 bxa5 24. Nd4 Nb6 25. Qxa5 Nd5 26. Ra7 Rc8 27. Kh2
h6 28. Bf3 Bxf3 29. Nxf3 Kh7 30. Qd2 Rc5 31. Qd3+ Kg8 32. g3 Qb8 33. Qa3 Rc8
34. Nd4 Qb1 35. Ra8 Rxa8 36. Qxa8+ Kh7 37. Qa4 Qf1 38. Qc2+ g6 39. Qe2 Qa1 40.
Qd2 Nf6 41. Qc2 Qf1 42. Nf3 Kg7 43. Qb2 g5 44. Ne5 Qd1 45. Ng4 Qd8 46. a4 Kg6
47. Qxf6+ Qxf6 48. Nxf6 Kxf6 49. a5 1-0

[Event "DRAGOMANOV FIT 2025-MASTERS Blitz"]
[Site "Kyiv"]
[Date "2025.10.05"]
[Round "1.2"]
[White "Zhukovskyi, Oleksandr"]
[Black "Podolskyi, Mykhailo"]
[Result "0-1"]
[WhiteElo "2120"]
[BlackElo "2272"]
[PlyCount "124"]
[EventDate "2025.12.05"]
[EventType "swiss (blitz)"]
[EventRounds "9"]
[EventCountry "UKR"]

1. b3 d5 2. Bb2 Nf6 3. Nf3 Bf5 4. g3 e6 5. Bg2 h6 6. d3 c6 7. Nbd2 Be7 8. O-O
O-O 9. Re1 Nbd7 10. e4 dxe4 11. Nxe4 Bh7 12. Qe2 Qc7 13. a4 Rfd8 14. Nfd2 Rac8
15. Nc4 b5 16. Ncd2 a6 17. Kh1 c5 18. Nc3 Qb6 19. Nde4 b4 20. Nxf6+ Bxf6 21.
Nd1 Bg6 22. Bxf6 Nxf6 23. Ne3 Qc7 24. Nc4 Nd5 25. a5 Rb8 26. h4 Bf5 27. g4 Bg6
28. Qe5 Qd7 29. f4 Nf6 30. Qe2 Qd4 31. g5 hxg5 32. hxg5 Nh5 33. Qe3 Nxf4 34.
Ne5 Qxe3 35. Rxe3 Rbc8 36. Nc6 Rd7 37. Ne5 Rdc7 38. Bf3 Bf5 39. Rf1 Ng6 40. Nc4
Rd8 41. Kh2 Kf8 42. Kg3 Ne7 43. Rh1 Ng6 44. Bg2 Ke7 45. Rf1 Kf8 46. Rh1 Rd4 47.
Bf3 Ke7 48. Rh7 Kf8 49. Rh1 Rc8 50. Rf1 Ne7 51. Bh5 Kg8 52. Ne5 g6 53. Bf3 Kg7
54. Nc4 Rh8 55. Rh1 Rxh1 56. Bxh1 Rg4+ 57. Kf2 Rxg5 58. Re5 Rh5 59. Bf3 Rh2+
60. Ke3 Rxc2 61. Rxc5 Rc3 62. Ne5 Rxc5 0-1

[Event "DRAGOMANOV FIT 2025-MASTERS Blitz"]
[Site "Kyiv"]
[Date "2025.10.05"]
[Round "1.3"]
[White "Mikhalsky, Vladimir"]
[Black "Mikhaletz, Lubomir"]
[Result "0-1"]
[WhiteElo "2259"]
[BlackElo "2074"]
[PlyCount "106"]
[EventDate "2025.12.05"]
[EventType "swiss (blitz)"]
[EventRounds "9"]
[EventCountry "UKR"]

1. d4 d6 2. Nc3 e5 3. Nf3 exd4 4. Nxd4 a6 5. e4 g6 6. Be2 Bg7 7. Be3 Ne7 8. h4
h6 9. Qd2 b5 10. a3 Bb7 11. f3 Nd7 12. O-O-O Ne5 13. h5 g5 14. f4 gxf4 15. Bxf4
Qd7 16. g4 O-O-O 17. Rhg1 c5 18. Nb3 b4 19. axb4 cxb4 20. Na2 a5 21. Nxa5 Qa4
22. Qxb4 Qxb4 23. Nxb4 Bxe4 24. Rg3 Kd7 25. Bb5+ Ke6 26. Re3 d5 27. Nb3 Nxg4
28. Ree1 f5 29. Nc5+ Kf7 30. Nxe4 dxe4 31. Bc4+ Kf6 32. Bd2 Ne5 33. Bc3 Rxd1+
34. Rxd1 Rc8 35. Ba6 Rxc3 36. bxc3 f4 37. c4 f3 38. Nd5+ Nxd5 39. cxd5 e3 40.
d6 Ke6 41. Re1 Bf6 42. Kb1 Bg5 43. Rf1 Kxd6 44. Kb2 Bh4 45. Rd1+ Ke6 46. Rd4 e2
47. Re4 e1=Q 48. Rxe1 Bxe1 49. c4 Kd6 50. Kc2 Kc5 51. Kd1 f2 52. Ke2 Nxc4 53.
Bb7 Kd4 0-1

[Event "DRAGOMANOV FIT 2025-MASTERS Blitz"]
[Site "Kyiv"]
[Date "2025.10.05"]
[Round "1.4"]
[White "Prokhorov, Oleksandr"]
[Black "Zhukovskyi, Myhaylo"]
[Result "0-1"]
[WhiteElo "2066"]
[BlackElo "2237"]
[PlyCount "44"]
[EventDate "2025.12.05"]
[EventType "swiss (blitz)"]
[EventRounds "9"]
[EventCountry "UKR"]

1. c4 e5 2. Nc3 Nf6 3. g3 Bb4 4. Bg2 O-O 5. Nf3 Re8 6. O-O c6 7. Qc2 e4 8. Ng5
d5 9. cxd5 cxd5 10. f3 h6 11. Nh3 exf3 12. exf3 Bxh3 13. Bxh3 Nc6 14. d3 Nd4
15. Qf2 Bc5 16. Kg2 Nb3 17. Qc2 Nxa1 18. Qb1 Bd4 19. Qxa1 Bxc3 20. bxc3 Re2+
21. Rf2 Qe7 22. Qb1 Re8 0-1

[Event "DRAGOMANOV FIT 2025-MASTERS Blitz"]
[Site "Kyiv"]
[Date "2025.10.05"]
[Round "1.5"]
[White "Stavroyany, Sergey"]
[Black "Kovalenko, Maksym"]
[Result "1-0"]
[WhiteElo "2215"]
[BlackElo "2034"]
[PlyCount "121"]
[EventDate "2025.12.05"]
[EventType "swiss (blitz)"]
[EventRounds "9"]
[EventCountry "UKR"]

1. Nf3 d5 2. g3 c6 3. Bg2 Nf6 4. O-O Bg4 5. d3 e6 6. Nbd2 Bd6 7. e4 Bc7 8. Re1
O-O 9. h3 Bh5 10. c3 a5 11. a4 Na6 12. Qc2 Nc5 13. Bf1 Bg6 14. Nh4 dxe4 15.
dxe4 Nfd7 16. Nc4 Qe7 17. Nxg6 fxg6 18. Be3 Ne5 19. Nxe5 Bxe5 20. f4 Bc7 21. e5
g5 22. fxg5 Bxe5 23. Bf2 Bc7 24. h4 e5 25. b4 Ne6 26. Bc4 Kh8 27. Qe4 Rae8 28.
Rab1 axb4 29. cxb4 Qd8 30. Rbd1 Nd4 31. Kg2 Qd6 32. Bd3 g6 33. h5 Kg7 34. Rh1
Nf5 35. Bb1 Qe7 36. hxg6 hxg6 37. Bc5 Bd6 38. Rxd6 Qxg5 39. Rd7+ Rf7 40. Rxf7+
Kxf7 41. Qf3 e4 42. Qb3+ Kf6 43. Rf1 Qd2+ 44. Rf2 Qd5 45. Qc3+ Kg5 46. Be3+
Nxe3+ 47. Qxe3+ Kh5 48. Bc2 g5 49. g4+ Kg6 50. Rd2 Qe6 51. Qe2 Kg7 52. Rd4 e3
53. Re4 Qd5 54. Qxe3 Re5 55. Kg3 Kf6 56. Rxe5 Qxe5+ 57. Qxe5+ Kxe5 58. b5 cxb5
59. axb5 b6 60. Kf3 Kd4 61. Bd1 1-0

[Event "DRAGOMANOV FIT 2025-MASTERS Blitz"]
[Site "Kyiv"]
[Date "2025.10.05"]
[Round "1.6"]
[White "Romanov, Vladimir"]
[Black "Grebeniuk, Semen"]
[Result "0-1"]
[WhiteElo "1993"]
[BlackElo "2200"]
[PlyCount "84"]
[EventDate "2025.12.05"]
[EventType "swiss (blitz)"]
[EventRounds "9"]
[EventCountry "UKR"]

1. e4 e6 2. d4 d5 3. e5 c5 4. c3 Nc6 5. Nf3 Bd7 6. Bd3 cxd4 7. cxd4 Qb6 8. Nc3
Nxd4 9. Nxd4 Qxd4 10. O-O Qb6 11. Kh1 Ne7 12. f4 g6 13. Qe2 Nc6 14. Nb5 Nd4 15.
Be3 Bxb5 16. Bxd4 Bxd3 17. Qxd3 Bc5 18. Bc3 O-O 19. f5 exf5 20. Qxd5 Rfd8 21.
Qc4 Rac8 22. Rad1 Be7 23. Qf4 Qe6 24. a3 Rd5 25. h3 Rcd8 26. Rde1 Rd3 27. Rf3
R3d5 28. Rfe3 Bc5 29. R3e2 Bd4 30. Bxd4 Rxd4 31. Qf2 Kg7 32. Rc2 R8d7 33. Kh2
R4d5 34. Qf4 h6 35. h4 Re7 36. Rce2 Red7 37. g3 Rd4 38. Qf3 Qd5 39. Qc3 Qe6 40.
Kh3 Rd3 41. Qc5 f4+ 42. Kh2 Rxg3 0-1

[Event "DRAGOMANOV FIT 2025-MASTERS Blitz"]
[Site "Kyiv"]
[Date "2025.10.05"]
[Round "1.7"]
[White "Herasymenko, Maksym"]
[Black "Diak, Hryhorii"]
[Result "1-0"]
[WhiteElo "2187"]
[BlackElo "1991"]
[PlyCount "73"]
[EventDate "2025.12.05"]
[EventType "swiss (blitz)"]
[EventRounds "9"]
[EventCountry "UKR"]

1. d4 Nf6 2. c4 e6 3. Nf3 d5 4. Nc3 c6 5. Bg5 Be7 6. e3 O-O 7. Qc2 a6 8. a4 a5
9. Bd3 h6 10. Bxf6 Bxf6 11. O-O Na6 12. Na2 Bd7 13. e4 dxe4 14. Bxe4 Qc7 15.
Rfd1 c5 16. d5 exd5 17. Bxd5 Bc6 18. Bxc6 Qxc6 19. Nc3 Nb4 20. Qb3 Rad8 21. Nd5
Nxd5 22. cxd5 Qc7 23. Rac1 b6 24. Rc2 Rd6 25. Nd2 Qe7 26. Nf3 Rfd8 27. Rcd2 Qe4
28. g3 c4 29. Qe3 Qf5 30. Kg2 Qd7 31. Qa3 Qb7 32. Qe3 Rxd5 33. Rxd5 Rxd5 34.
Qe8+ Kh7 35. Qe4+ g6 36. Qxd5 Qc7 37. Qd7 1-0

[Event "DRAGOMANOV FIT 2025-MASTERS Blitz"]
[Site "Kyiv"]
[Date "2025.10.05"]
[Round "1.8"]
[White "Nykonenko, Maksym"]
[Black "Yevdokymov, Maksym"]
[Result "0-1"]
[WhiteElo "1954"]
[BlackElo "2177"]
[PlyCount "88"]
[EventDate "2025.12.05"]
[EventType "swiss (blitz)"]
[EventRounds "9"]
[EventCountry "UKR"]

1. e4 c5 2. Nf3 Nc6 3. c3 Nf6 4. e5 Nd5 5. Bc4 Nb6 6. Bb3 d5 7. d4 cxd4 8. cxd4
Bg4 9. Be3 e6 10. h3 Bh5 11. O-O Be7 12. Nc3 O-O 13. Rc1 Na5 14. Bc2 Nac4 15.
b3 Nxe3 16. fxe3 Rc8 17. Bb1 Ba3 18. Rc2 Bg6 19. Nb5 Bxc2 20. Bxc2 Be7 21. Qd3
g6 22. Nh2 a6 23. Nd6 Bxd6 24. exd6 Qxd6 25. Ng4 Nd7 26. h4 f5 27. Nh2 Nf6 28.
Nf3 Ng4 29. Bd1 Rc7 30. h5 Rfc8 31. hxg6 hxg6 32. Qd2 Qg3 33. Qe1 Qxe1 34. Rxe1
Rc3 35. Ng5 Rxe3 36. Rxe3 Nxe3 37. Be2 Rc6 38. Bd3 Kg7 39. Kf2 Ng4+ 40. Kg3 Kf6
41. Nf3 e5 42. dxe5+ Nxe5 43. Ne1 Nxd3 44. Nxd3 Rc3 0-1

[Event "DRAGOMANOV FIT 2025-MASTERS Blitz"]
[Site "Kyiv"]
[Date "2025.10.05"]
[Round "1.9"]
[White "Bagiryan, Vigen"]
[Black "Rodin, Alexey"]
[Result "0-1"]
[WhiteElo "2151"]
[BlackElo "1931"]
[PlyCount "88"]
[EventDate "2025.12.05"]
[EventType "swiss (blitz)"]
[EventRounds "9"]
[EventCountry "UKR"]

1. e4 e5 2. Nf3 Nc6 3. Bb5 a6 4. Ba4 Nf6 5. O-O Be7 6. Re1 b5 7. Bb3 d6 8. c3
O-O 9. d4 Bg4 10. d5 Na5 11. Bc2 c6 12. dxc6 Qc7 13. Nbd2 Qxc6 14. h3 Be6 15.
Nf1 Nc4 16. b3 Nb6 17. Bb2 Rfe8 18. Ng3 h6 19. Qe2 Bf8 20. Rac1 Rad8 21. Bb1
Bc8 22. Red1 d5 23. exd5 Rxd5 24. Ne4 Rxd1+ 25. Rxd1 Bb7 26. Ng3 e4 27. Ne1 e3
28. fxe3 Bc5 29. Nf1 Nbd5 30. c4 Nxe3 31. Bd4 Nxd1 32. Qxd1 Bxd4+ 33. Qxd4 Rxe1
34. Qd8+ Qe8 35. Qd3 bxc4 36. bxc4 g6 37. Bc2 Qe7 38. Qc3 Nh5 39. c5 Qe5 40.
Qd2 Re2 41. Qd8+ Kg7 42. c6 Bxc6 43. g4 Rg2+ 44. Kh1 Rxg4+ 0-1

[Event "DRAGOMANOV FIT 2025-MASTERS Blitz"]
[Site "Kyiv"]
[Date "2025.10.05"]
[Round "1.10"]
[White "Vashchenko, Illia"]
[Black "Alexikov, Alexander"]
[Result "0-1"]
[WhiteElo "1918"]
[BlackElo "2134"]
[PlyCount "96"]
[EventDate "2025.12.05"]
[EventType "swiss (blitz)"]
[EventRounds "9"]
[EventCountry "UKR"]

1. e4 e6 2. d4 d5 3. Nd2 Nc6 4. Ngf3 Nf6 5. e5 Nd7 6. Bd3 f6 7. exf6 Qxf6 8. c3
Bd6 9. Nf1 e5 10. dxe5 Ndxe5 11. Nxe5 Nxe5 12. Ne3 O-O 13. O-O Nxd3 14. Qxd3 c6
15. h3 Kh8 16. Ng4 Qh4 17. Nh2 Bf5 18. Qd4 Qxd4 19. cxd4 Rae8 20. Nf3 Be4 21.
Ng5 Bd3 22. Rd1 h6 23. Be3 Be2 24. Re1 Bh5 25. g4 Bg6 26. Bd2 hxg5 27. Bxg5 Re4
28. Rxe4 Bxe4 29. Re1 Rf3 30. h4 Rd3 31. Be3 Bb4 32. Rc1 Bd2 33. Bxd2 Rxd2 34.
b4 Rxd4 35. b5 Rc4 36. Re1 cxb5 37. f3 Bxf3 38. a3 Rxg4+ 39. Kf2 Be4 40. Rc1
Rxh4 41. a4 bxa4 42. Rc7 d4 43. Ke2 Rh2+ 44. Kd1 a3 45. Rc8+ Kh7 46. Rc5 a2 47.
Ra5 Rh1+ 48. Kd2 a1=Q 0-1

[Event "DRAGOMANOV FIT 2025-MASTERS Blitz"]
[Site "Kyiv"]
[Date "2025.10.05"]
[Round "2.2"]
[White "Podolskyi, Mykhailo"]
[Black "Herasymenko, Maksym"]
[Result "1-0"]
[WhiteElo "2272"]
[BlackElo "2187"]
[PlyCount "90"]
[EventDate "2025.12.05"]
[EventType "swiss (blitz)"]
[EventRounds "9"]
[EventCountry "UKR"]

1. d4 d5 2. c4 c6 3. Nc3 Nf6 4. Nf3 Bf5 5. cxd5 cxd5 6. Qb3 Bc8 7. Bf4 a6 8. e3
Nc6 9. Bd3 e6 10. O-O Bd6 11. Bg3 O-O 12. Rac1 Bxg3 13. hxg3 Bd7 14. Qd1 b5 15.
Ne5 Nxe5 16. dxe5 Ne8 17. Ne2 g6 18. Nd4 Qg5 19. Nf3 Qe7 20. Nd4 Qg5 21. Nf3
Qe7 22. Qd2 f6 23. Qa5 fxe5 24. Nxe5 Qd6 25. Qc3 Nf6 26. Qd4 Rac8 27. Rxc8 Bxc8
28. Rc1 Bd7 29. a3 Be8 30. f4 Qe7 31. b4 Nh5 32. g4 Ng3 33. g5 h6 34. Nf3 hxg5
35. Nxg5 Qf6 36. Qxf6 Rxf6 37. Kf2 Nf5 38. Rc8 Nd6 39. Rd8 e5 40. g3 e4 41. Bc2
Kg7 42. Bb3 Bc6 43. Ke2 Nc4 44. Bxc4 bxc4 45. Kd2 Kh6 1-0

[Event "DRAGOMANOV FIT 2025-MASTERS Blitz"]
[Site "Kyiv"]
[Date "2025.10.05"]
[Round "2.3"]
[White "Zhukovskyi, Myhaylo"]
[Black "Alexikov, Alexander"]
[Result "0-1"]
[WhiteElo "2237"]
[BlackElo "2134"]
[PlyCount "100"]
[EventDate "2025.12.05"]
[EventType "swiss (blitz)"]
[EventRounds "9"]
[EventCountry "UKR"]

1. Nf3 Nf6 2. g3 g6 3. Bg2 Bg7 4. O-O O-O 5. d4 d6 6. c4 c6 7. Nc3 Qa5 8. e4 e5
9. h3 Nbd7 10. Be3 Re8 11. Qc2 b5 12. cxb5 cxb5 13. a3 a6 14. Qb3 Bb7 15. Rfd1
Nb6 16. dxe5 dxe5 17. Ng5 Nc4 18. Bd2 Nxd2 19. Qxf7+ Kh8 20. Qxb7 Nb3 21. Rab1
Rab8 22. Qc6 Rbc8 23. Qd6 h6 24. Ne6 Kh7 25. Nd5 Nxd5 26. Qd7 Ne7 27. Qd3 Nd4
28. Nxd4 exd4 29. f4 Qc7 30. e5 Qc2 31. Qxd4 Nf5 32. Qf2 Re7 33. g4 Qxf2+ 34.
Kxf2 Nh4 35. Be4 Kh8 36. Rd2 g5 37. fxg5 hxg5 38. Rbd1 Bxe5 39. Rd8+ Rxd8 40.
Rxd8+ Kg7 41. b4 Bb2 42. Ke3 Bxa3 43. Kd3 Bc1 44. Kc3 Kf6 45. Rg8 Bb2+ 46. Kd3
Ke5 47. Rxg5+ Kf4 48. Rh5 Ng6 49. Bxg6 Re3+ 50. Kc2 Bd4 0-1

[Event "DRAGOMANOV FIT 2025-MASTERS Blitz"]
[Site "Kyiv"]
[Date "2025.10.05"]
[Round "2.4"]
[White "Mikhaletz, Lubomir"]
[Black "Stavroyany, Sergey"]
[Result "1/2-1/2"]
[WhiteElo "2074"]
[BlackElo "2215"]
[PlyCount "113"]
[EventDate "2025.12.05"]
[EventType "swiss (blitz)"]
[EventRounds "9"]
[EventCountry "UKR"]

1. d4 Nf6 2. Bg5 e6 3. e3 c5 4. c3 Nc6 5. Nd2 d5 6. Ngf3 Qb6 7. Qc2 Be7 8. Bd3
Bd7 9. h4 h6 10. Bf4 Rc8 11. Qb1 Nh5 12. Be5 Nf6 13. Bxf6 Bxf6 14. h5 e5 15.
dxe5 Nxe5 16. Nxe5 Bxe5 17. Bf5 Be6 18. Nf3 Bf6 19. Bxe6 Qxe6 20. Qd3 O-O 21.
Rd1 Rfd8 22. Kf1 a6 23. a3 b5 24. g3 Rb8 25. Kg2 a5 26. b3 b4 27. cxb4 axb4 28.
axb4 Rxb4 29. Nd2 c4 30. Qc2 Rc8 31. bxc4 dxc4 32. Rb1 Rcb8 33. Rxb4 Rxb4 34.
Rb1 Rxb1 35. Nxb1 Qd5+ 36. e4 Qxh5 37. Qxc4 Qe5 38. Nd2 g6 39. Qd5 Kg7 40. Nc4
Qc7 41. e5 Be7 42. f4 Qc5 43. Qxc5 Bxc5 44. g4 Bb4 45. Kf3 Kf8 46. Ke4 Ke7 47.
f5 gxf5+ 48. gxf5 h5 49. Kf4 h4 50. Kg4 Be1 51. Ne3 Bg3 52. Nd5+ Kd7 53. Nf4
Ke7 54. f6+ Kd7 55. Ng2 Bxe5 56. Nxh4 Bxf6 57. Nf5 1/2-1/2

[Event "DRAGOMANOV FIT 2025-MASTERS Blitz"]
[Site "Kyiv"]
[Date "2025.10.05"]
[Round "2.5"]
[White "Grebeniuk, Semen"]
[Black "Anatskiy, Alexey"]
[Result "1-0"]
[WhiteElo "2200"]
[BlackElo "1841"]
[PlyCount "59"]
[EventDate "2025.12.05"]
[EventType "swiss (blitz)"]
[EventRounds "9"]
[EventCountry "UKR"]

1. d4 d5 2. c4 c6 3. cxd5 cxd5 4. Bf4 Nc6 5. e3 Nf6 6. Bd3 a6 7. Nc3 g6 8. Rc1
Bf5 9. Nf3 Bxd3 10. Qxd3 Bg7 11. O-O O-O 12. Na4 Nd7 13. a3 e6 14. Nc5 Nxc5 15.
Rxc5 Qb6 16. b4 Rfc8 17. Rfc1 Bf8 18. R5c2 f6 19. h4 Ne7 20. Bc7 Qb5 21. Qb3
Qd7 22. a4 Nc6 23. Bg3 Nxb4 24. Rc7 Rxc7 25. Rxc7 Qd8 26. Rxb7 a5 27. h5 g5 28.
Qb1 Be7 29. Nh2 Rc8 30. Ng4 1-0

[Event "DRAGOMANOV FIT 2025-MASTERS Blitz"]
[Site "Kyiv"]
[Date "2025.10.05"]
[Round "2.6"]
[White "Rodin, Alexey"]
[Black "Mikhalsky, Vladimir"]
[Result "0-1"]
[WhiteElo "1931"]
[BlackElo "2259"]
[PlyCount "90"]
[EventDate "2025.12.05"]
[EventType "swiss (blitz)"]
[EventRounds "9"]
[EventCountry "UKR"]

1. c4 c5 2. Nf3 Nf6 3. g3 d5 4. cxd5 Nxd5 5. Bg2 Nc6 6. O-O e5 7. Nc3 Nc7 8. d3
Be7 9. Be3 Be6 10. Ne4 b6 11. a3 Nd5 12. Bg5 f6 13. Bd2 O-O 14. Rb1 a5 15. Nc3
Qd7 16. Nxd5 Bxd5 17. Bc3 a4 18. Nd2 b5 19. Bxd5+ Qxd5 20. Nf3 b4 21. Bd2 f5
22. Qc2 e4 23. Qc4 Qxc4 24. dxc4 exf3 25. exf3 Bf6 26. Be3 Bd4 27. Rfd1 b3 28.
Kg2 Rfe8 29. Re1 Rad8 30. Bxd4 Nxd4 31. Rbd1 Kf7 32. f4 Rxe1 33. Rxe1 Re8 34.
Rxe8 Kxe8 35. Kf1 h6 36. h3 g5 37. fxg5 hxg5 38. Ke1 f4 39. gxf4 gxf4 40. Kd2
Nc2 41. Kd3 Kf7 42. Ke4 Nxa3 43. Kd5 Nc2 44. Kxc5 a3 45. bxa3 b2 0-1

[Event "DRAGOMANOV FIT 2025-MASTERS Blitz"]
[Site "Kyiv"]
[Date "2025.10.05"]
[Round "2.7"]
[White "Kovalenko, Maksym"]
[Black "Bagiryan, Vigen"]
[Result "1/2-1/2"]
[WhiteElo "2034"]
[BlackElo "2151"]
[PlyCount "233"]
[EventDate "2025.12.05"]
[EventType "swiss (blitz)"]
[EventRounds "9"]
[EventCountry "UKR"]

1. d4 Nf6 2. Nf3 e6 3. c4 Bb4+ 4. Nc3 d5 5. Bg5 Nbd7 6. e3 c6 7. Be2 h6 8. Bh4
Qa5 9. Qb3 Ne4 10. Rc1 O-O 11. O-O Nxc3 12. bxc3 Bd6 13. c5 Bb8 14. c4 dxc4 15.
Bxc4 e5 16. Be7 b5 17. cxb6 Nxb6 18. Bxf8 Nxc4 19. Bb4 Qc7 20. Qxc4 e4 21. Qxc6
Qxc6 22. Rxc6 Bb7 23. Rfc1 exf3 24. Rc8+ Kh7 25. g3 a5 26. Rxb8 Rxb8 27. Bxa5
Bd5 28. a3 Rb2 29. Bb4 g5 30. h3 Kg6 31. g4 h5 32. Ra1 hxg4 33. hxg4 Be6 34.
Bd6 Bxg4 35. a4 Bc8 36. a5 Ba6 37. Rc1 Kf5 38. Bg3 Be2 39. Kh2 Kg4 40. Ra1 f5
41. d5 f4 42. exf4 Rb8 43. fxg5 Rh8+ 44. Kg1 Kxg5 45. d6 Ba6 46. Rd1 Kg4 47.
Rd4+ Kf5 48. Rf4+ Ke6 49. Rxf3 Bb7 50. Re3+ Kf5 51. f3 Ra8 52. Be1 Rg8+ 53. Kf2
Rh8 54. d7 Rd8 55. Rd3 Bc6 56. Rd6 Bxd7 57. Bc3 Rc8 58. Rxd7 Rxc3 59. a6 Ra3
60. a7 Kf4 61. Rf7+ Ke5 62. Kg3 Ke6 63. Rb7 Kf5 64. Rc7 Kg5 65. Rc5+ Kf6 66.
Rc6+ Kg5 67. Rc5+ Kf6 68. Rc7 Kg5 69. Rf7 Kg6 70. Rb7 Kg5 71. Rb5+ Kf6 72. Kg4
Rxa7 73. Rb6+ Kg7 74. f4 Ra1 75. Kg5 Rg1+ 76. Kf5 Rh1 77. Rb7+ Kg8 78. Kg6 Rg1+
79. Kf6 Ra1 80. Rb8+ Kh7 81. f5 Ra6+ 82. Kg5 Ra7 83. Rb6 Kg7 84. Rg6+ Kf7 85.
Rh6 Ra1 86. Rh7+ Kg8 87. Rb7 Rg1+ 88. Kf6 Ra1 89. Rg7+ Kf8 90. Re7 Ra6+ 91. Re6
Ra1 92. Rb6 Kg8 93. Kg6 Rg1+ 94. Kf6 Ra1 95. Rc6 Rb1 96. Rd6 Ra1 97. Rd8+ Kh7
98. Rd7+ Kg8 99. Rd6 Rb1 100. Ke6 Re1+ 101. Kf6 Ra1 102. Rd5 Ra6+ 103. Kg5 Kf7
104. Rd7+ Kg8 105. f6 Ra1 106. Kg6 Rg1+ 107. Kf5 Rf1+ 108. Ke6 Re1+ 109. Kd6
Re2 110. Rg7+ Kf8 111. Ra7 Re1 112. f7 Re2 113. Rb7 Re1 114. Rc7 Re2 115. Rd7
Rd2+ 116. Ke6 Rxd7 117. Kxd7 1/2-1/2

[Event "DRAGOMANOV FIT 2025-MASTERS Blitz"]
[Site "Kyiv"]
[Date "2025.10.05"]
[Round "2.8"]
[White "Rudchenko, Oleksandr"]
[Black "Romanov, Vladimir"]
[Result "1-0"]
[WhiteElo "2123"]
[BlackElo "1993"]
[PlyCount "79"]
[EventDate "2025.12.05"]
[EventType "swiss (blitz)"]
[EventRounds "9"]
[EventCountry "UKR"]

1. Nf3 Nf6 2. c4 e6 3. g3 d5 4. b3 c5 5. e3 Nc6 6. Bb2 d4 7. exd4 cxd4 8. d3 e5
9. Bg2 Bb4+ 10. Nbd2 O-O 11. O-O Bf5 12. Qc2 a5 13. a3 Bc5 14. Ng5 Re8 15. Rfe1
Bd6 16. c5 Bc7 17. Qc4 Qd7 18. b4 h6 19. Nge4 Nxe4 20. Nxe4 Be6 21. Qb5 Bd5 22.
Nd6 Bxg2 23. Nxe8 Qh3 24. f4 Rxe8 25. Re2 Bd5 26. Qxb7 Bd8 27. Rf1 Nxb4 28. Qb5
Bc6 29. Qc4 Bd5 30. Qb5 Bc6 31. Qc4 Nd5 32. fxe5 Ne3 33. Qxf7+ Kh7 34. Rff2 Bg5
35. Bxd4 Ng4 36. Qf5+ Kh8 37. e6 Nxf2 38. Qxf2 Rxe6 39. Qf8+ Kh7 40. Qxg7# 1-0

[Event "DRAGOMANOV FIT 2025-MASTERS Blitz"]
[Site "Kyiv"]
[Date "2025.10.05"]
[Round "2.9"]
[White "Diak, Hryhorii"]
[Black "Zhukovskyi, Oleksandr"]
[Result "0-1"]
[WhiteElo "1991"]
[BlackElo "2120"]
[PlyCount "84"]
[EventDate "2025.12.05"]
[EventType "swiss (blitz)"]
[EventRounds "9"]
[EventCountry "UKR"]

1. d4 Nf6 2. c4 g6 3. Nc3 d5 4. cxd5 Nxd5 5. e4 Nxc3 6. bxc3 Bg7 7. Be3 c5 8.
Rc1 Qa5 9. Qd2 O-O 10. d5 Rd8 11. c4 Qxd2+ 12. Bxd2 e6 13. Bg5 Re8 14. Be3 Nd7
15. Bd3 Ne5 16. Kd2 b6 17. Nf3 Ng4 18. Rhe1 Nxe3 19. fxe3 Bd7 20. Rf1 a6 21.
Ng5 Rf8 22. Rf2 Bh6 23. h4 exd5 24. cxd5 f6 25. Nh3 Rac8 26. Nf4 b5 27. Ne2 Kg7
28. h5 Rfe8 29. Rcf1 Bg5 30. Nf4 c4 31. Bc2 c3+ 32. Kd1 Rc4 33. hxg6 hxg6 34.
Nxg6 Bg4+ 35. Ke1 Kxg6 36. e5+ Kf7 37. e6+ Ke7 38. Rh1 Kd6 39. e4 Rd4 40. Rh7
Rd2 41. Rd7+ Ke5 42. Ra7 Bh4 0-1

[Event "DRAGOMANOV FIT 2025-MASTERS Blitz"]
[Site "Kyiv"]
[Date "2025.10.05"]
[Round "2.10"]
[White "Nykonenko, Maksym"]
[Black "Prokhorov, Oleksandr"]
[Result "1-0"]
[WhiteElo "1954"]
[BlackElo "2066"]
[PlyCount "53"]
[EventDate "2025.12.05"]
[EventType "swiss (blitz)"]
[EventRounds "9"]
[EventCountry "UKR"]

1. e4 d5 2. exd5 Nf6 3. Nc3 Nxd5 4. Bc4 c6 5. Nf3 g6 6. d4 Bg7 7. h3 O-O 8. O-O
Nxc3 9. bxc3 c5 10. Ba3 Qc7 11. Qe2 b6 12. Rfe1 Re8 13. Bxf7+ Kxf7 14. Ng5+ Kg8
15. Qf3 Rf8 16. Qxa8 Bb7 17. Qxa7 Nc6 18. Qa4 Bc8 19. Qc4+ e6 20. Nxe6 Bxe6 21.
Qxe6+ Kh8 22. Rad1 Nd8 23. Qe7 Qf4 24. Qe3 Qf5 25. dxc5 Nc6 26. cxb6 Ra8 27.
Qe8+ 1-0

[Event "DRAGOMANOV FIT 2025-MASTERS Blitz"]
[Site "Kyiv"]
[Date "2025.10.05"]
[Round "3.1"]
[White "Alexikov, Alexander"]
[Black "Podolskyi, Mykhailo"]
[Result "0-1"]
[WhiteElo "2134"]
[BlackElo "2272"]
[Annotator "Prohorov,Olexandr"]
[PlyCount "86"]
[EventDate "2025.12.05"]
[EventType "swiss (blitz)"]
[EventRounds "9"]
[EventCountry "UKR"]

1. e4 d5 2. exd5 Qxd5 3. Nc3 Qd6 4. g3 Nf6 5. Bg2 c6 6. Nf3 Bf5 7. O-O e6 8.
Re1 Be7 9. Qe2 Bxc2 10. d4 Bf5 11. Bf4 Qd8 12. Ne5 h5 13. Rad1 Nbd7 14. h3 Nxe5
15. dxe5 Nd5 16. Bc1 Qb6 17. Ne4 Bxe4 18. Bxe4 O-O-O 19. a3 h4 20. g4 Nc7 21.
Be3 Bc5 22. Bg5 Rxd1 23. Rxd1 Nd5 24. Kg2 Be7 25. Bxd5 Bxg5 26. Be4 Rd8 27.
Rxd8+ Qxd8 28. Qf3 Qc7 29. Bd3 Kb8 30. Qe4 g6 31. f4 Be7 32. Be2 Qb6 33. b4 a5
34. b5 cxb5 35. Bf3 b4 36. axb4 axb4 37. f5 gxf5 38. gxf5 b3 39. f6 Bc5 40. Qh7
b2 41. Be4 Qb3 42. Qxf7 Qg3+ 43. Kh1 Qg1# 0-1

[Event "DRAGOMANOV FIT 2025-MASTERS Blitz"]
[Site "Kyiv"]
[Date "2025.10.05"]
[Round "3.3"]
[White "Stavroyany, Sergey"]
[Black "Yevdokymov, Maksym"]
[Result "1/2-1/2"]
[WhiteElo "2215"]
[BlackElo "2177"]
[PlyCount "95"]
[EventDate "2025.12.05"]
[EventType "swiss (blitz)"]
[EventRounds "9"]
[EventCountry "UKR"]

1. e4 c5 2. Nc3 Nc6 3. g4 g6 4. h4 Bg7 5. h5 d6 6. d3 Rb8 7. h6 Bf8 8. g5 b5 9.
a3 e6 10. Bg2 Bb7 11. Nxb5 Be7 12. f4 e5 13. Nf3 Bc8 14. Nc3 Bg4 15. Nd5 exf4
16. Bxf4 Rxb2 17. O-O Nd4 18. Nxe7 Nxe7 19. Rf2 O-O 20. Bc1 Rb8 21. c3 Ne6 22.
d4 cxd4 23. cxd4 d5 24. e5 Nf5 25. Qf1 Bxf3 26. Bxf3 Nexd4 27. Bg2 Qe7 28. Bf4
Ne6 29. Bd2 Rbd8 30. Bb4 Qxg5 31. Bxf8 Rxf8 32. Rxf5 Qxf5 33. Qxf5 gxf5 34.
Bxd5 Rd8 35. Bc4 Rd4 36. Rc1 Kf8 37. Bxe6 fxe6 38. Rc7 Rh4 39. Rxh7 Kg8 40.
Rxa7 Rxh6 41. a4 Rh4 42. Re7 Rxa4 43. Rxe6 Re4 44. Re7 Kf8 45. Ra7 Rxe5 46. Kf2
Re4 47. Kf3 Rb4 48. Rh7 1/2-1/2

[Event "DRAGOMANOV FIT 2025-MASTERS Blitz"]
[Site "Kyiv"]
[Date "2025.10.05"]
[Round "3.4"]
[White "Zhukovskyi, Myhaylo"]
[Black "Mikhaletz, Lubomir"]
[Result "0-1"]
[WhiteElo "2237"]
[BlackElo "2074"]
[Annotator "Prohorov,Olexandr"]
[PlyCount "64"]
[EventDate "2025.12.05"]
[EventType "swiss (blitz)"]
[EventRounds "9"]
[EventCountry "UKR"]

1. Nf3 b5 2. g3 Bb7 3. Bg2 e6 4. d3 h5 5. e4 Be7 6. a4 b4 7. a5 h4 8. Be3 c5 9.
Nbd2 Nc6 10. Nb3 d6 11. a6 Bc8 12. e5 h3 13. Bf1 Nxe5 14. Nxe5 dxe5 15. Qf3 Bd7
16. Bxc5 Rc8 17. Qe3 Bc6 18. Rg1 Nf6 19. Bxe7 Qxe7 20. Qxe5 Bd5 21. Nd4 Qc5 22.
Be2 Kf8 23. Qe3 e5 24. Qxe5 Re8 25. Qf4 Rh5 26. Kd2 Rhe5 27. Rge1 g5 28. Qxf6
Qxd4 29. Qd6+ Kg7 30. c3 bxc3+ 31. bxc3 Qxf2 32. Rad1 Rxe2+ 0-1